000
00320nam a2200145Ia 4500
100
_a
Anderson Don
942
_c
BK
654
_a
computer
245
_a
Universal Serial Bus Systems architecture
260
_b
Addison Wesly
_a
Mumbai
_c
1997
082
_a
4.64
_b
AND
300
_a
321
546
_a
ENGLISH
999
_c
19426
_d
19426